Który kraj jest bliżej Polski - Statystyki

Ogólne statystyki
  • Ten quiz został rozwiązany 62 razy
  • Średni wynik to 3 z 5
Statystyki odpowiedzi
Zagadnienie Odpowiedź % Poprawnych
Andora czy Kosowo Kosowo
60%
Papua Nowa Gwinea czy Australia Australia
50%
Węgry czy Austria Austria
50%
Sri Lanka czy Mjanma Sri Lanka
50%
USA czy Kanada Kanada
40%
Nie znaleziono quizów pasujących do podanych kryteriów
Rozkład punktacji
Procent ludzi z każdym wynikiem
Percentyl według liczby udzielonych odpowiedzi
Twoja historia wyników
Nie rozwiązałeś tego quizu